[Event "Cto Aragón Equipos Div Honor Gr II"]
[Site "Aragon"]
[Date "2014.01.25"]
[Round "1.25"]
[White "Fernandez Rubio, Rafael"]
[Black "Adla, Diego"]
[Result "0-1"]
[WhiteElo "2021"]
[BlackElo "2471"]
[PlyCount "62"]
[EventDate "2014.??.??"]
[EventCountry "ESP"]
[WhiteTeam "Tauste"]
[BlackTeam "St. Casablanca"]

1. e4 c5 2. Nf3 d6 3. Nc3 Nf6 4. d4 cxd4 5. Qxd4 e5 6. Qa4+ Nbd7 7. Bg5 Be7 8.
Bxf6 Bxf6 9. O-O-O Be7 10. Nd5 O-O 11. Kb1 Nc5 12. Qb4 Be6 13. Bc4 b5 14. Nxe7+
Qxe7 15. Bxe6 fxe6 16. Rhe1 a5 17. Qd2 Ra6 18. Ng5 b4 19. g3 h6 20. Nh3 Rc8 21.
f4 Rac6 22. fxe5 dxe5 23. Nf2 Na4 24. Nd3 Rc4 25. Re2 Nc3+ 26. bxc3 bxc3 27.
Qc1 Ra4 28. Nxe5 Rb8+ 29. Ka1 Rb2 30. Qxb2 cxb2+ 31. Kxb2 Qa3+ 0-1

[Event "Cto Aragón Equipos Div Honor Gr II"]
[Site "Aragon"]
[Date "2014.01.25"]
[Round "1.26"]
[White "Glavina, Pablo"]
[Black "Sierra Aguerri, Joaquin"]
[Result "1-0"]
[WhiteElo "2444"]
[BlackElo "2018"]
[PlyCount "47"]
[EventDate "2014.??.??"]
[EventCountry "ESP"]
[WhiteTeam "St. Casablanca"]
[BlackTeam "Tauste"]

1. Nf3 Nf6 2. g3 d5 3. Bg2 c6 4. b3 Bf5 5. Bb2 e6 6. d3 Be7 7. Nh4 Bg4 8. h3
Bh5 9. g4 Nfd7 10. Nf3 Bf6 11. d4 Bg6 12. Ne5 Bxe5 13. dxe5 Qg5 14. O-O h5 15.
f4 Qh6 16. g5 Qh7 17. c4 Na6 18. cxd5 cxd5 19. Nc3 Nac5 20. Qd4 O-O 21. Rad1
Rfc8 22. Ba3 Rc7 23. Nb5 Rc6 24. Nd6 1-0

[Event "Cto Aragón Equipos Div Honor Gr II"]
[Site "Aragon"]
[Date "2014.01.25"]
[Round "1.27"]
[White "Sancho Casale, Jesus"]
[Black "Lopez Gracia, Fernando"]
[Result "0-1"]
[WhiteElo "1968"]
[BlackElo "2354"]
[PlyCount "58"]
[EventDate "2014.??.??"]
[EventCountry "ESP"]
[WhiteTeam "Tauste"]
[BlackTeam "St. Casablanca"]

1. Nf3 d5 2. d4 Nf6 3. c4 c6 4. cxd5 cxd5 5. Nc3 Nc6 6. Bf4 Bf5 7. e3 e6 8. Bd3
Ne4 9. O-O Bb4 10. Bxe4 dxe4 11. Nd2 g5 12. Bg3 h5 13. f3 exf3 14. Qxf3 h4 15.
Be5 Nxe5 16. dxe5 Bxc3 17. Nc4 Bb4 18. Qxb7 Rb8 19. Qxa7 O-O 20. Rad1 Qc8 21.
Nd6 Qc5 22. Qe7 Qxe3+ 23. Kh1 h3 24. Rf3 hxg2+ 25. Kxg2 Qe2+ 26. Rf2 Qg4+ 27.
Kf1 Qxd1+ 28. Kg2 Qg4+ 29. Kh1 Bxd6 0-1

[Event "Cto Aragón Equipos Div Honor Gr II"]
[Site "Aragon"]
[Date "2014.01.25"]
[Round "1.28"]
[White "Quintin Navarro, Alberto"]
[Black "Muro Turon, Raul"]
[Result "1-0"]
[WhiteElo "2320"]
[BlackElo "1870"]
[PlyCount "61"]
[EventDate "2014.??.??"]
[EventCountry "ESP"]
[WhiteTeam "St. Casablanca"]
[BlackTeam "Tauste"]

1. Nf3 Nf6 2. c4 e6 3. d4 Bb4+ 4. Bd2 Qe7 5. g3 Nc6 6. Bg2 Bxd2+ 7. Nbxd2 d6 8.
O-O O-O 9. e4 e5 10. d5 Nb8 11. Ne1 a5 12. Nd3 Na6 13. f4 Bd7 14. f5 c6 15. Qe2
cxd5 16. exd5 Rfc8 17. a4 b6 18. g4 h6 19. h4 Nh7 20. Qf2 Nc5 21. Nxc5 bxc5 22.
Be4 f6 23. Bc2 Rcb8 24. b3 Be8 25. Qf3 Ra7 26. Ne4 Qd8 27. Kh1 Kh8 28. Rf2 Rf7
29. Rg1 Rf8 30. g5 Rb7 31. g6 1-0

[Event "Cto Aragón Equipos Div Honor Gr II"]
[Site "Aragon"]
[Date "2014.01.25"]
[Round "1.29"]
[White "Gavin Roche, Enrique"]
[Black "Lana Rodriguez, David"]
[Result "1-0"]
[WhiteElo "2243"]
[BlackElo "2309"]
[PlyCount "99"]
[EventDate "2014.??.??"]
[EventCountry "ESP"]
[WhiteTeam "ONCE CA Aragon"]
[BlackTeam "Helios"]

1. d4 Nf6 2. c4 e6 3. Nc3 Bb4 4. Bd2 Nc6 5. Nf3 O-O 6. a3 Bxc3 7. Bxc3 Ne4 8.
Qc2 f5 9. e3 b6 10. Bd3 Nxc3 11. Qxc3 Bb7 12. O-O-O Qf6 13. Rd2 Ne7 14. Ne5
Rfd8 15. f4 d6 16. Nf3 c5 17. Be2 Rac8 18. Kb1 Be4+ 19. Ka1 Nc6 20. Rc1 Bxf3
21. Bxf3 cxd4 22. exd4 Na5 23. Qb4 d5 24. Be2 dxc4 25. Bxc4 Kh8 26. Rc3 Nc6 27.
Qa4 Nxd4 28. Ba6 Rc5 29. Rcd3 Rcd5 30. Bc4 b5 31. Bxb5 e5 32. fxe5 Qxe5 33. Bc4
R5d7 34. Ka2 g5 35. h3 f4 36. Qa6 Qd6 37. Qa5 Qf6 38. Qc5 h5 39. h4 Ne6 40.
Rxd7 Nxc5 41. Rxd8+ Kh7 42. Bg8+ Kg7 43. R2d6 Qe7 44. hxg5 Qxg5 45. Bc4 Qe7 46.
Rd5 Qe3 47. Rc8 Ne4 48. Rc7+ Kf6 49. Rc6+ Kg7 50. Rd7+ 1-0

[Event "Cto Aragón Equipos Div Honor Gr II"]
[Site "Aragon"]
[Date "2014.01.25"]
[Round "1.30"]
[White "Navarro Alonso, Jorge"]
[Black "Campos Hernandez, Antonio"]
[Result "1/2-1/2"]
[WhiteElo "2153"]
[BlackElo "2173"]
[PlyCount "51"]
[EventDate "2014.??.??"]
[EventCountry "ESP"]
[WhiteTeam "Helios"]
[BlackTeam "ONCE CA Aragon"]

1. e4 c5 2. Nc3 Nc6 3. Bc4 e6 4. d3 a6 5. a3 Nge7 6. Ba2 d5 7. Nge2 dxe4 8.
Nxe4 Nd5 9. O-O Be7 10. Nf4 O-O 11. Qh5 g6 12. Qh6 Nd4 13. Nxd5 exd5 14. Ng5
Bxg5 15. Bxg5 Qd6 16. Rae1 Nf5 17. Qh3 Bd7 18. c3 Rfe8 19. Qf3 Bc6 20. Bf4 Qd7
21. g4 d4 22. Qh3 Ng7 23. Be5 Bd5 24. Bxd5 Qxd5 25. Bxg7 Kxg7 26. c4 1/2-1/2

[Event "Cto Aragón Equipos Div Honor Gr II"]
[Site "Aragon"]
[Date "2014.01.25"]
[Round "1.31"]
[White "Laliena Solanes, Luis"]
[Black "Cerrajeria Ruiz, Jesus Maria"]
[Result "1-0"]
[WhiteElo "2147"]
[BlackElo "2140"]
[PlyCount "107"]
[EventDate "2014.??.??"]
[EventCountry "ESP"]
[WhiteTeam "ONCE CA Aragon"]
[BlackTeam "Helios"]

1. e4 c5 2. b3 e5 3. Bb2 Nc6 4. Bc4 Nf6 5. Nc3 a6 6. a4 d6 7. d3 Be7 8. Nge2
Nh5 9. Nd5 Bg4 10. h3 Bxe2 11. Qxe2 Nf4 12. Nxf4 exf4 13. Bd5 Bf6 14. Bxc6+
bxc6 15. Bxf6 Qxf6 16. O-O O-O 17. Qf3 Qe5 18. g3 fxg3 19. fxg3 Rae8 20. Qf2
Re6 21. Rae1 Rf6 22. Qe3 Rg6 23. Kg2 Re6 24. Rf5 Qc3 25. Qf2 g6 26. Rf3 Kg7 27.
g4 Rf6 28. Rxf6 Qxf6 29. Qg3 Qd4 30. e5 Re8 31. exd6 Rxe1 32. Qxe1 Qxd6 33. Qe4
Qd5 34. Qxd5 cxd5 35. d4 cxd4 36. g5 f5 37. gxf6+ Kxf6 38. b4 Ke5 39. Kf3 h6
40. Kg3 d3 41. cxd3 Kd6 42. Kf4 Ke6 43. h4 Kd6 44. d4 Ke6 45. b5 axb5 46. axb5
Kd6 47. b6 Kc6 48. Ke5 g5 49. hxg5 hxg5 50. Kf5 Kxb6 51. Kxg5 Kb5 52. Kf5 Kb4
53. Ke6 Kc4 54. Ke5 1-0

[Event "Cto Aragón Equipos Div Honor Gr II"]
[Site "Aragon"]
[Date "2014.01.25"]
[Round "1.32"]
[White "Montes Santos, Lorenzo"]
[Black "Latorre Abad, Fernando"]
[Result "1/2-1/2"]
[WhiteElo "2049"]
[BlackElo "2069"]
[PlyCount "53"]
[EventDate "2014.??.??"]
[EventCountry "ESP"]
[WhiteTeam "Helios"]
[BlackTeam "ONCE CA Aragon"]

1. Nf3 c5 2. c4 Nc6 3. d4 cxd4 4. Nxd4 Nf6 5. Nc3 a6 6. g3 e6 7. Bg2 Qc7 8. O-O
Be7 9. b3 b6 10. Bb2 Bb7 11. e4 Rc8 12. Kh1 h5 13. h3 Kf8 14. Na4 Ne5 15. Qe2
h4 16. g4 Ng6 17. f3 Nf4 18. Qe3 Nxg2 19. Kxg2 Qg3+ 20. Kh1 Qxh3+ 21. Kg1 Qg3+
22. Kh1 Nxg4 23. Qe2 Qh3+ 24. Kg1 Qg3+ 25. Kh1 Qh3+ 26. Kg1 Qg3+ 27. Kh1
1/2-1/2

[Event "Cto Aragón Equipos Pref Gr I"]
[Site "Aragón"]
[Date "2014.01.25"]
[Round "1.33"]
[White "Aparicio Navarro, Pedro"]
[Black "Gracia Suarez, Jesus"]
[Result "1/2-1/2"]
[WhiteElo "2169"]
[BlackElo "2115"]
[PlyCount "62"]
[EventDate "2014.??.??"]
[EventRounds "9"]
[EventCountry "ESP"]
[WhiteTeam "Helios B"]
[BlackTeam "Sta Isabel"]

1. Nf3 c5 2. g3 b5 3. a4 b4 4. Bg2 Bb7 5. O-O Nf6 6. d3 g6 7. e4 Bg7 8. Nbd2
O-O 9. Nc4 Nc6 10. Be3 Ng4 11. Bxc5 d6 12. Be3 Nxe3 13. fxe3 Ba6 14. Nfd2 e6
15. Qf3 Rc8 16. Rac1 Ne5 17. Nxe5 Bxe5 18. d4 Bxf1 19. Bxf1 Bg7 20. Bc4 Qg5 21.
h4 Qf6 22. Qxf6 Bxf6 23. b3 Kg7 24. a5 Bd8 25. Ra1 d5 26. Bd3 Be7 27. Ra4 Rc3
28. Kf2 Rfc8 29. exd5 exd5 30. a6 Rd8 31. Nf3 Rd6 1/2-1/2

[Event "Cto Aragón Equipos Pref Gr I"]
[Site "Aragón"]
[Date "2014.01.25"]
[Round "1.34"]
[White "Garcia Gracia, Victor Hugo"]
[Black "Flores Samperiz, Jorge"]
[Result "1-0"]
[WhiteElo "1980"]
[BlackElo "1973"]
[PlyCount "61"]
[EventDate "2014.??.??"]
[EventRounds "9"]
[EventCountry "ESP"]
[WhiteTeam "Sta Isabel"]
[BlackTeam "Helios B"]

1. e4 e5 2. Nf3 Nf6 3. Bc4 Bc5 4. d3 Nc6 5. Nc3 h6 6. O-O d6 7. Be3 Bb6 8. Nd5
Bg4 9. c3 O-O 10. b4 Nxd5 11. Bxd5 Qf6 12. a4 Bxf3 13. Qxf3 Qxf3 14. gxf3 Rab8
15. a5 Bxe3 16. fxe3 Ne7 17. Bb3 Kh8 18. f4 f5 19. fxe5 dxe5 20. exf5 Nxf5 21.
Rf3 Nh4 22. Rxf8+ Rxf8 23. Rf1 Rxf1+ 24. Kxf1 Nf3 25. Bd1 Nd2+ 26. Ke1 Nb1 27.
c4 Nc3 28. Bb3 b5 29. Kd2 Nb1+ 30. Kc2 Na3+ 31. Kb2 1-0

[Event "Cto Aragón Equipos Pref Gr I"]
[Site "Aragón"]
[Date "2014.01.25"]
[Round "1.35"]
[White "Anson Casaos, Alejandro"]
[Black "Diaz Boils, Ximo"]
[Result "1-0"]
[WhiteElo "1902"]
[BlackElo "1975"]
[PlyCount "84"]
[EventDate "2014.??.??"]
[EventRounds "9"]
[EventCountry "ESP"]
[WhiteTeam "Helios B"]
[BlackTeam "Sta Isabel"]

1. e4 c5 2. Nf3 d6 3. d4 cxd4 4. Nxd4 Nf6 5. Nc3 e6 6. Bg5 a6 7. Qd2 Be7 8.
O-O-O Qc7 9. Kb1 O-O 10. f4 Nbd7 11. g4 b5 12. Bg2 b4 13. Nce2 Bb7 14. Ng3 Nc5
15. Bxf6 Bxf6 16. g5 Be7 17. f5 e5 18. f6 exd4 19. fxe7 Qxe7 20. Qxd4 Ne6 21.
Qxb4 Rab8 22. Qxd6 Qxg5 23. Qd2 Qe5 24. c3 Rfd8 25. Qc2 Rdc8 26. Nf5 Nf4 27.
Bf3 Rxc3 28. Rd8+ Rxd8 29. bxc3 g6 30. Nd4 Ne6 31. Nxe6 Qxe6 32. Rd1 Re8 33.
Qb3 Bxe4+ 34. Bxe4 Qxe4+ 35. Qc2 Rb8+ 36. Kc1 Qe7 37. Rd2 Qa3+ 38. Kd1 Rc8 39.
c4 Qf3+ 40. Kc1 Qf1+ 41. Rd1 Qxc4 42. Rd8+ Rxd8 1-0

[Event "Cto Aragón Equipos Pref Gr I"]
[Site "Aragón"]
[Date "2014.01.25"]
[Round "1.36"]
[White "Perez Boy, Pedro"]
[Black "Gracia Martinez, Juan Pablo"]
[Result "0-1"]
[WhiteElo "1829"]
[BlackElo "1781"]
[PlyCount "80"]
[EventDate "2014.??.??"]
[EventRounds "9"]
[EventCountry "ESP"]
[WhiteTeam "Sta Isabel"]
[BlackTeam "Helios B"]

1. e4 c5 2. Nf3 e6 3. d4 cxd4 4. Nxd4 Nc6 5. Nc3 Bb4 6. Be2 a6 7. O-O Nf6 8.
Nxc6 bxc6 9. e5 Bxc3 10. bxc3 Nd5 11. Qe1 O-O 12. c4 Ne7 13. Ba3 Re8 14. Bd3 a5
15. Rb1 Ba6 16. Qe4 Ng6 17. g3 Qg5 18. f4 Qg4 19. Qg2 Ne7 20. h3 Qh5 21. Bxe7
Rxe7 22. f5 f6 23. Rbe1 Rf8 24. Rf4 Qe8 25. Qe4 exf5 26. Rxf5 g6 27. Qg4 Kh8
28. Rf2 Rxe5 29. Rxe5 Qxe5 30. Re2 Qc5+ 31. Kg2 Bc8 32. Qh4 Kg7 33. Kh2 Rf7 34.
Qe4 d5 35. cxd5 cxd5 36. Qf4 Bb7 37. g4 d4 38. Be4 Re7 39. Kg3 g5 40. Qf3 Qe5+
0-1

[Event "Cto Aragón Equipos Pref Gr I"]
[Site "Aragón"]
[Date "2014.01.25"]
[Round "1.37"]
[White "Soriano Ascaso, Ignacio"]
[Black "Faro Perella, Alberto"]
[Result "0-1"]
[WhiteElo "2134"]
[BlackElo "1938"]
[PlyCount "73"]
[EventDate "2014.??.??"]
[EventRounds "9"]
[EventCountry "ESP"]
[WhiteTeam "Sabiñanigo"]
[BlackTeam "Binefar"]

1. e4 d5 2. Nc3 Nf6 3. e5 d4 4. Nce2 Ng4 5. f4 g6 6. Nf3 c5 7. Ng3 Bg7 8. Bc4
e6 9. O-O O-O 10. Ng5 Nxe5 11. fxe5 Qxg5 12. Ne4 Qe7 13. Nf6+ Bxf6 14. exf6 Qd6
15. d3 e5 16. Qe1 Re8 17. Qh4 Be6 18. Bxe6 Rxe6 19. Bh6 Nd7 20. Bg7 e4 21. dxe4
Re5 22. g4 Rxe4 23. Rf3 h5 24. Rg3 Qd5 25. Qh3 Rae8 26. Rf1 Re3 27. gxh5 Rxg3+
28. hxg3 gxh5 29. Bh6 d3 30. cxd3 Qxd3 31. Bf4 Qd4+ 32. Kh1 Nxf6 33. Qh4 Qd5+
34. Kg1 Re2 35. Qg5+ Qxg5 36. Bxg5 Ne4 37. Bh4 0-1

[Event "Cto Aragón Equipos Pref Gr I"]
[Site "Aragón"]
[Date "2014.01.25"]
[Round "1.38"]
[White "Arino Castan, Federico"]
[Black "Calleja Sanchez, Alfredo"]
[Result "0-1"]
[WhiteElo "1778"]
[BlackElo "1894"]
[PlyCount "56"]
[EventDate "2014.??.??"]
[EventRounds "9"]
[EventCountry "ESP"]
[WhiteTeam "Binefar"]
[BlackTeam "Sabiñanigo"]

1. d4 Nf6 2. c4 g6 3. Nf3 Bg7 4. Nc3 O-O 5. e4 d6 6. Be2 e5 7. dxe5 dxe5 8.
Qxd8 Rxd8 9. O-O c6 10. Bg5 h6 11. Rad1 Nbd7 12. Bh4 Re8 13. b4 a5 14. a3 axb4
15. axb4 Ra3 16. Rd3 Rb3 17. Bxf6 Nxf6 18. b5 Be6 19. Nd2 Rb2 20. Rb1 Rxb1+ 21.
Ncxb1 Nd7 22. bxc6 bxc6 23. Ra3 Nc5 24. Ra5 Bf8 25. Nf3 f6 26. Nbd2 Rb8 27. Ra2
Nxe4 28. h3 Nc3 0-1

[Event "Cto Aragón Equipos Pref Gr I"]
[Site "Aragón"]
[Date "2014.01.25"]
[Round "1.39"]
[White "Climente Martinez, Jose Luis"]
[Black "Bayona Bafaluy, Jose Maria"]
[Result "1-0"]
[WhiteElo "1888"]
[BlackElo "1759"]
[PlyCount "65"]
[EventDate "2014.??.??"]
[EventRounds "9"]
[EventCountry "ESP"]
[WhiteTeam "Sabiñanigo"]
[BlackTeam "Binefar"]

1. d4 Nf6 2. c4 e6 3. Nf3 Bb4+ 4. Bd2 Qe7 5. e3 O-O 6. Bd3 b6 7. O-O Bb7 8. a3
Bxd2 9. Nbxd2 d6 10. Qc2 Re8 11. Rfd1 e5 12. dxe5 dxe5 13. Ng5 e4 14. Ngxe4
Nbd7 15. Nxf6+ Nxf6 16. c5 Rad8 17. Bb5 c6 18. Be2 Rd5 19. Nb3 Ne4 20. Rxd5
cxd5 21. c6 Ba8 22. Rc1 Rc8 23. Nd4 Rc7 24. b4 Qf6 25. Ba6 Nd6 26. Bb7 Qd8 27.
Ba6 g6 28. Be2 Qe7 29. Bf3 Qe5 30. Qa2 Nc4 31. Bxd5 Nxe3 32. Bxf7+ Kg7 33. Ne6+
1-0

[Event "Cto Aragón Equipos Pref Gr I"]
[Site "Aragón"]
[Date "2014.01.25"]
[Round "1.40"]
[White "Rosa Garcia, Jesus"]
[Black "Escartin Buisan, Francisco Jav"]
[Result "1-0"]
[WhiteElo "1689"]
[BlackElo "1887"]
[PlyCount "49"]
[EventDate "2014.??.??"]
[EventRounds "9"]
[EventCountry "ESP"]
[WhiteTeam "Binefar"]
[BlackTeam "Sabiñanigo"]

1. b4 e5 2. Bb2 d6 3. c4 Nf6 4. a4 g6 5. e3 Bg7 6. Nf3 O-O 7. b5 e4 8. Nd4 c5
9. bxc6 Nxc6 10. Nxc6 bxc6 11. Be2 d5 12. O-O Be6 13. cxd5 cxd5 14. Nc3 Rb8 15.
Ba3 Re8 16. Nb5 Qb6 17. a5 Qxa5 18. Bd6 Qb6 19. Bxb8 Rxb8 20. Qc2 Rc8 21. Qa4
Nd7 22. Rab1 a5 23. Nd4 Qa7 24. Nc6 Qc5 25. Rfc1 1-0

[Event "Cto Aragón Equipos Pref Gr I"]
[Site "Aragón"]
[Date "2014.01.25"]
[Round "1.42"]
[White "Ballonga Arruebo, Alejandro"]
[Black "Gutierrez Mingueza, Ruben"]
[Result "0-1"]
[WhiteElo "1696"]
[BlackElo "2081"]
[PlyCount "30"]
[EventDate "2014.??.??"]
[EventRounds "9"]
[EventCountry "ESP"]
[WhiteTeam "Shatranj"]
[BlackTeam "San Jose"]

1. c4 Nf6 2. Nc3 c5 3. g3 Nc6 4. Bg2 g6 5. Nf3 Bg7 6. O-O O-O 7. d4 cxd4 8.
Nxd4 Nxd4 9. Qxd4 d6 10. b3 Be6 11. Bxb7 Nd5 12. Qd3 Nxc3 13. Bxa8 Qxa8 14. Bd2
Bf5 15. Qe3 Bd4 0-1

[Event "Cto Aragón Equipos Pref Gr I"]
[Site "Aragón"]
[Date "2014.01.25"]
[Round "1.43"]
[White "Rubio Tello, Abel"]
[Black "Santos Hernandez, Higinio"]
[Result "1-0"]
[WhiteElo "1860"]
[BlackElo "1660"]
[PlyCount "43"]
[EventDate "2014.??.??"]
[EventRounds "9"]
[EventCountry "ESP"]
[WhiteTeam "San Jose"]
[BlackTeam "Shatranj"]

1. d4 Nf6 2. Nf3 d5 3. Bg5 e6 4. e3 Be7 5. Bd3 O-O 6. Ne5 c5 7. c3 cxd4 8. exd4
Nbd7 9. f4 Qb6 10. Qc2 h6 11. Bxf6 Nxf6 12. Nd2 Qc7 13. O-O a6 14. g4 b5 15. g5
hxg5 16. fxg5 Nd7 17. Bh7+ Kh8 18. Nxf7+ Rxf7 19. Rxf7 Bd6 20. Qg6 Bf8 21. Qh5
e5 22. Bg6+ 1-0

[Event "Cto Aragón Equipos Pref Gr I"]
[Site "Aragón"]
[Date "2014.01.25"]
[Round "1.44"]
[White "Alvaro Rada, Gonzalo"]
[Black "Urgel Varela, Fernando"]
[Result "0-1"]
[WhiteElo "1561"]
[BlackElo "1831"]
[PlyCount "46"]
[EventDate "2014.??.??"]
[EventRounds "9"]
[EventCountry "ESP"]
[WhiteTeam "Shatranj"]
[BlackTeam "San Jose"]

1. e4 c5 2. Nf3 e6 3. Nc3 a6 4. d4 cxd4 5. Nxd4 Nc6 6. Nxc6 bxc6 7. b3 Bb4 8.
Qd4 Qa5 9. Bb2 Nf6 10. f3 d5 11. e5 c5 12. Qd2 d4 13. exf6 dxc3 14. Qd6 cxb2+
15. Kf2 c4 16. Qc6+ Kf8 17. Rd1 Qc5+ 18. Qxc5+ Bxc5+ 19. Kg3 gxf6 20. Bxc4 Rg8+
21. Kh4 Rxg2 22. Rd8+ Ke7 23. Rh8 Rg1 0-1

[Event "Cto Aragón Equipos Pref Gr I"]
[Site "Aragón"]
[Date "2014.01.25"]
[Round "1.45"]
[White "Felez Casedas, Carlos"]
[Black "Sacristan Latorre, Alberto"]
[Result "1/2-1/2"]
[WhiteElo "2019"]
[BlackElo "2061"]
[PlyCount "82"]
[EventDate "2014.??.??"]
[EventRounds "9"]
[EventCountry "ESP"]
[WhiteTeam "L´Aurora Estadilla B"]
[BlackTeam "CMU Pedro Cerbuna"]

1. e4 c5 2. Nf3 e6 3. d3 Nc6 4. g3 d6 5. Bg2 Nf6 6. O-O Be7 7. c3 O-O 8. Nbd2
Bd7 9. a4 Qc7 10. Nc4 e5 11. Bg5 Be6 12. Ne3 h6 13. Bxf6 Bxf6 14. Nd5 Bxd5 15.
exd5 Ne7 16. Nd2 g6 17. Nc4 Rae8 18. Qd2 Bg5 19. Qe2 Qd7 20. h4 Bf6 21. h5 g5
22. Be4 Bg7 23. g4 f5 24. gxf5 Nxf5 25. Qg4 Rd8 26. Bxf5 Qxf5 27. Qxf5 Rxf5 28.
Kg2 Rd7 29. Rae1 Bf8 30. Re4 Rdf7 31. f3 Be7 32. Ne3 Rf4 33. Ng4 Kg7 34. Rxf4
gxf4 35. Nf2 Rf5 36. Rh1 Kf7 37. Ne4 Ke8 38. Kf1 Kf7 39. Ke2 Ke8 40. Kd2 Kd7
41. Kc2 Rf7 1/2-1/2

[Event "Cto Aragón Equipos Pref Gr I"]
[Site "Aragón"]
[Date "2014.01.25"]
[Round "1.46"]
[White "Gella Bitrian, Diego"]
[Black "Fuentes Espuna, Juan Antonio"]
[Result "1-0"]
[WhiteElo "2054"]
[BlackElo "1920"]
[PlyCount "117"]
[EventDate "2014.??.??"]
[EventRounds "9"]
[EventCountry "ESP"]
[WhiteTeam "CMU Pedro Cerbuna"]
[BlackTeam "L´Aurora Estadilla B"]

1. e4 c5 2. Nf3 g6 3. d4 Bg7 4. dxc5 Qa5+ 5. c3 Qxc5 6. Be3 Qc7 7. Be2 Nc6 8.
O-O Nf6 9. Qd3 O-O 10. Na3 a6 11. Nc4 b5 12. Nb6 Rb8 13. Nxc8 Rfxc8 14. Rac1
Rd8 15. Bd4 e5 16. Be3 d5 17. Qc2 Nxe4 18. Rfd1 Nf6 19. Bg5 Rd7 20. Bh4 Ne4 21.
a4 h6 22. axb5 axb5 23. Qb3 g5 24. Bg3 Nxg3 25. hxg3 Na5 26. Qb4 f5 27. Ra1 Nc4
28. Ra6 Bf8 29. Qb3 Rd6 30. Ra2 Rdd8 31. Qc2 e4 32. Nd4 Qd7 33. Rda1 Bc5 34. b3
Nd6 35. Qd2 b4 36. Nc2 Nf7 37. Nxb4 Bxb4 38. cxb4 Rb7 39. Qd4 Qe6 40. Ra6 Rd6
41. Ra8+ Kh7 42. Rc1 Rd8 43. Ra6 Qd7 44. b5 f4 45. Rcc6 fxg3 46. fxg3 Ne5 47.
Re6 Qg7 48. Qxe5 Qxe5 49. Rxe5 d4 50. Rxe4 d3 51. Bd1 Rxb5 52. Kf2 Rd7 53. Raa4
Rc5 54. Rad4 Rf7+ 55. Ke3 Rf1 56. Rxd3 Rc8 57. Bf3 g4 58. Rxg4 Re1+ 59. Kd2 1-0

[Event "Cto Aragón Equipos Pref Gr I"]
[Site "Aragón"]
[Date "2014.01.25"]
[Round "1.47"]
[White "Puertolas Serena, Arturo"]
[Black "Colom Sienes, Eduardo"]
[Result "0-1"]
[WhiteElo "1917"]
[BlackElo "2042"]
[PlyCount "74"]
[EventDate "2014.??.??"]
[EventRounds "9"]
[EventCountry "ESP"]
[WhiteTeam "L´Aurora Estadilla B"]
[BlackTeam "CMU Pedro Cerbuna"]

1. e4 e6 2. d4 d5 3. e5 c5 4. c3 Nc6 5. Nf3 Qb6 6. Bd3 cxd4 7. cxd4 Bd7 8. Nc3
Nxd4 9. Nxd4 Qxd4 10. O-O a6 11. Qe2 Qb6 12. b3 Bb4 13. Bb2 Ne7 14. Rac1 O-O
15. a3 Bc5 16. Qc2 Ng6 17. Nxd5 exd5 18. Qxc5 Qxb3 19. Qd4 Nf4 20. Qxf4 Qxb2
21. Qb4 Qxb4 22. axb4 Rfc8 23. f4 g6 24. Kf2 a5 25. Rxc8+ Rxc8 26. bxa5 Rc3 27.
Rd1 Ra3 28. Bc4 dxc4 29. Rxd7 Rxa5 30. Rxb7 Ra2+ 31. Kf3 h5 32. Rc7 Rc2 33. g3
c3 34. h3 Kf8 35. Ke3 Rc1 36. h4 c2 37. Kf2 Rh1 0-1

[Event "Cto Aragón Equipos Pref Gr I"]
[Site "Aragón"]
[Date "2014.01.25"]
[Round "1.48"]
[White "Biarge Carnicer, Arturo"]
[Black "Landa Galindo, Victor"]
[Result "1-0"]
[WhiteElo "1898"]
[BlackElo "1904"]
[PlyCount "97"]
[EventDate "2014.??.??"]
[EventRounds "9"]
[EventCountry "ESP"]
[WhiteTeam "CMU Pedro Cerbuna"]
[BlackTeam "L´Aurora Estadilla B"]

1. b3 Nf6 2. Bb2 g6 3. e3 Bg7 4. d4 O-O 5. Nf3 d5 6. Bd3 Bg4 7. h3 Bxf3 8. Qxf3
e6 9. Nd2 Nc6 10. O-O Nb4 11. Rfe1 Re8 12. e4 Nxd3 13. Qxd3 Nxe4 14. Nxe4 dxe4
15. Qxe4 Qd5 16. Qf4 c5 17. Rad1 Rad8 18. c3 e5 19. Qe3 cxd4 20. cxd4 Re6 21.
dxe5 Qxd1 22. Rxd1 Rxd1+ 23. Kh2 Rb1 24. Bd4 Rd1 25. f4 a6 26. Bc5 Rc6 27. b4
Bf8 28. Qb3 Rd2 29. a4 b6 30. Be3 Rdc2 31. Bd4 R6c4 32. b5 axb5 33. axb5 Bh6
34. Kg3 Bxf4+ 35. Kxf4 Rxd4+ 36. Ke3 Rcc4 37. Qb2 Re4+ 38. Kd3 h5 39. Qf2 Ra4
40. Qxb6 Kg7 41. Qd6 Rf4 42. b6 Rfb4 43. Qc7 Rb3+ 44. Kc2 Rab4 45. e6 Rxb6 46.
Qxf7+ Kh6 47. e7 Rb2+ 48. Kd3 Rxg2 49. e8=Q 1-0

[Event "Cto Aragón Equipos Pref Gr I"]
[Site "Aragón"]
[Date "2014.01.25"]
[Round "1.49"]
[White "Navarro Sancho, Rafael"]
[Black "Fontana Sotomayor, Luis Javier"]
[Result "0-1"]
[WhiteElo "1757"]
[BlackElo "2323"]
[PlyCount "62"]
[EventDate "2014.??.??"]
[EventRounds "9"]
[EventCountry "ESP"]
[WhiteTeam "Agrupacion B"]
[BlackTeam "Jaime Casas B"]

1. e4 c6 2. d4 d5 3. e5 Bf5 4. Nf3 e6 5. Be2 Nd7 6. O-O Ne7 7. Nbd2 c5 8. c4
Nc6 9. cxd5 exd5 10. dxc5 Nxc5 11. Nb3 Ne6 12. Bb5 Be7 13. Nbd4 Nexd4 14. Qxd4
O-O 15. Bxc6 bxc6 16. Qf4 Bg6 17. b4 a5 18. Bd2 axb4 19. Bxb4 c5 20. Bd2 d4 21.
a4 Qd5 22. a5 Ra6 23. Rfc1 Rd8 24. h4 c4 25. Ra4 Bd3 26. Ne1 Be2 27. Bb4 Bxb4
28. Rxb4 Rxa5 29. f3 d3 30. Nxd3 Bxd3 31. Rd1 Qc5+ 0-1

[Event "Cto Aragón Equipos Pref Gr I"]
[Site "Aragón"]
[Date "2014.01.25"]
[Round "1.50"]
[White "Maza Broto, Pablo"]
[Black "Zubialde Ayala, Gonzalo"]
[Result "1/2-1/2"]
[WhiteElo "2045"]
[BlackElo "1731"]
[PlyCount "58"]
[EventDate "2014.??.??"]
[EventRounds "9"]
[EventCountry "ESP"]
[WhiteTeam "Jaime Casas B"]
[BlackTeam "Agrupacion B"]

1. d4 f5 2. Nf3 Nf6 3. c4 e6 4. g3 Be7 5. Bg2 c6 6. O-O O-O 7. Nc3 d5 8. Bf4
Nbd7 9. Qc2 Ne4 10. Nxe4 fxe4 11. Ne5 Bg5 12. Nxd7 Bxd7 13. Bd6 Be7 14. Be5 Bf6
15. f3 Bxe5 16. dxe5 exf3 17. exf3 Rf5 18. f4 g5 19. Bh3 Rf7 20. f5 exf5 21.
Bxf5 Bxf5 22. Rxf5 Rxf5 23. Qxf5 dxc4 24. Qe6+ Kg7 25. Rf1 Qd4+ 26. Rf2 Qd1+
27. Rf1 Qd4+ 28. Rf2 Qd1+ 29. Rf1 Qd4+ 1/2-1/2

[Event "Cto Aragón Equipos Pref Gr I"]
[Site "Aragón"]
[Date "2014.01.25"]
[Round "1.51"]
[White "Subira Navarro, Oscar"]
[Black "Buil Rello, Jose Antonio"]
[Result "1/2-1/2"]
[WhiteElo "1716"]
[BlackElo "1907"]
[PlyCount "114"]
[EventDate "2014.??.??"]
[EventRounds "9"]
[EventCountry "ESP"]
[WhiteTeam "Agrupacion B"]
[BlackTeam "Jaime Casas B"]

1. e4 c5 2. Nf3 e6 3. d4 Qc7 4. d5 e5 5. c4 d6 6. Be2 g6 7. Nc3 a6 8. Bd2 Nd7
9. a3 b6 10. O-O Ngf6 11. Nh4 Bg7 12. Qc1 O-O 13. Bh6 Qd8 14. Bxg7 Kxg7 15. Qg5
Kh8 16. f4 Ng8 17. Qg3 Qe7 18. f5 Ndf6 19. Rf2 Ra7 20. Raf1 Kg7 21. fxg6 hxg6
22. Nf5+ Bxf5 23. Rxf5 Nh7 24. h4 Nh6 25. R5f2 Raa8 26. Nd1 Kh8 27. Ne3 Rad8
28. Qh3 Kg7 29. g4 g5 30. Rf6 Nxf6 31. hxg5 Nfg8 32. gxh6+ Kh7 33. Qh5 f6 34.
Nf5 Qf7 35. Qh3 Ne7 36. Ng7 Ng6 37. Ne6 Nf4 38. Nxf8+ Rxf8 39. Qf3 Qg6 40. Rf2
Kxh6 41. Rh2+ Kg7 42. Kf2 Rh8 43. Rxh8 Kxh8 44. Ke1 Kg7 45. Kd2 Qh7 46. Kc3 Kg6
47. b4 Kg5 48. Bd1 Qh4 49. Kb3 Qh3 50. bxc5 Qxf3+ 51. Bxf3 dxc5 52. a4 a5 53.
Kc3 Kh4 54. Kd2 Kg3 55. Ke3 Kh3 56. Kf2 Nd3+ 57. Ke2 Nf4+ 1/2-1/2